गाँधी और समकालीन विश्व/ (Record no. 213600)

MARC details
000 -LEADER
fixed length control field 11154nam a22002297a 4500
005 - DATE AND TIME OF LATEST TRANSACTION
control field 20251007135800.0
010 ## - LCCN (DPL NO)
LC control number HIN-130473
020 ## - INTERNATIONAL STANDARD BOOK NUMBER
International Standard Book Number 9789383848706
035 ## - SYSTEM CONTROL NUMBER
System control number HN-102819
037 ## - SOURCE OF ACQUISITION
Source of stock number/acquisition DBAD
Stock number 1
082 ## - DEWEY DECIMAL CLASSIFICATION NUMBER
Classification number 301.154
Edition number 1(पुनर्मुद्रण)
100 ## - MAIN ENTRY--PERSONAL NAME
Personal name बागड़ी आर
245 ## - TITLE STATEMENT
Title गाँधी और समकालीन विश्व/
Statement of responsibility, etc आर बागड़ी...एवं अन्य; विजय कुमार वर्मा द्वारा संपादित
Medium हिंदी
260 ## - PUBLICATION, DISTRIBUTION, ETC. (IMPRINT)
Place of publication, distribution, etc नई दिल्ली
Name of publisher, distributor, etc पिन्नेकल लर्निंग
Date of publication, distribution, etc 2023
270 ## - ADDRESS
Address 24, डी.डी.ए शौपिंग काम्प्लेक्स बेर सराय,
City नई दिल्ली,
Postal code 110016
Electronic mail address marketing.pinnaclelearning@gmail.com
300 ## - PHYSICAL DESCRIPTION
Extent 171 पृष्ठ;
Dimensions 21सेमी(अजिल्द)
490 ## - SERIES STATEMENT
Series statement
Volume number/sequential designation
700 ## - ADDED ENTRY--PERSONAL NAME
Personal name राठौर दीपिका
9 (RLIN) 84043
700 ## - ADDED ENTRY--PERSONAL NAME
Personal name पांडया श्याम नारयण
9 (RLIN) 84044
700 ## - ADDED ENTRY--PERSONAL NAME
Personal name सिंह कुलदीप
9 (RLIN) 84045
942 ## - ADDED ENTRY ELEMENTS (KOHA)
Source of classification or shelving scheme Dewey Decimal Classification
Item type Hindi Books
Classification part 301.154
Call number suffix गांधीस
Holdings
Withdrawn status Lost status Not for loan Home library Current library Date acquired Source of acquisition Cost, normal purchase price Full call number Barcode Copy number Cost, replacement price Koha item type
      Central Library Central Library 07/10/2025 Delivery of Books Act Division 295.00 301.154 गांधीस HN-102819 1 295.00 Hindi Books

© Delhi Public Library
Hit Counter
free hit counter